Sniper Elite 5 Trivia - Statistics

General Stats
  • This quiz has been taken 25 times
  • The average score is 25 of 99
Answer Stats
Hint Answer % Correct
1 Atlantic Wall
67%
Karl Fairburne
67%
What is the name of the majorsuperweapon of the game? Operation {Kraken}
67%
Abelard Möller
58%
Bandage
58%
Which nation is this game set in? France
58%
What are the two nations involvedin this operation? Germany
58%
Infantry
58%
Sniper
58%
{Support} Jäger
58%
4 War Factory
58%
Grenade
50%
9 Loose Ends
50%
Medkit
50%
Officer
50%
3 Spy Academy
50%
10 Wolf Mountain
50%
Bottle
42%
Japan
42%
6 Liberation
42%
2 Occupied Residence
42%
8 Rubble and Ruin
42%
7 Secret Weapons
42%
Tank
42%
Teller Mine
42%
{Armor Piercing} Ammo
33%
12 Conqueror
33%
Elite Sniper
33%
{Faust} Trooper
33%
Jäger
33%
14 Kraken Awakes
33%
11 Landing Force
33%
M1903
33%
M1911
33%
{Match} Ammo
33%
{Non-Lethal} Ammo
33%
Panzerfäust
33%
Schu-mine
33%
{Subsonic} Ammo
33%
TNT
33%
{V-2} Rocket
33%
Welrod
33%
Whistle
33%
Which new game mode did this specificgame introduce, where a player hunts another player? Axis Invasion
25%
5 Festung Guernsey
25%
Friedrich Vogel
25%
Gewehr 43
25%
Kar98k
25%
MG42
25%
Model D
25%
Motorbike
25%
MP40
25%
P08
25%
13 Rough Landing
25%
Truck
25%
Type 100
25%
Type 14
25%
Crowbar
17%
Decoy
17%
MkVI Webley
17%
Satchel Charge
17%
Sniper Jäger
17%
{Soft Point} Ammo
17%
StG44
17%
Armored Car
8%
Bolt Cutters
8%
7 Christian Jungers
8%
14 Erich Windolf
8%
3 Fabian Richter
8%
Kübelwagen
8%
5 Lanzo Baumann
8%
M1 Carbine
8%
Marie Chevalier
8%
MG {Gunner}
8%
8 Shinji Yoshikawa
8%
Spotter
8%
SREM-1
8%
Staff Car
8%
Sten MkII
8%
Thompson
8%
{Vampir} Jäger
8%
Welgun
8%
Alarm
0%
Charlie Barton
0%
2 Friedrich Kümmler
0%
Gunboat
0%
11 Hermann Kraus
0%
6 Jaan Trautmann
0%
Jäger Officer
0%
Jeff Sullivan
0%
12 Kristian Hoffmann
0%
13 Luc Masson
0%
4 Matthäus Ehrlich
0%
MG Emplacement
0%
PzB 39
0%
RSC 1918
0%
Searchlights
0%
Which weapons are involved in theoperation? Stealth plated {I-400}s
0%
1 Steffen Beckendorf
0%
No matching quizzes found
Score Distribution
Percent of People with Each Score
Percentile by Number Answered
Your Score History
You have not taken this quiz